000 00432nam a2200181Ia 4500
001 19576
005 20260306172703.0
008 260306t2019||||xx |||||||||||||| ||spa||
041 _aESP
082 _a340.7
_bC75 Nº 4
100 _aBlancas Bustamante, Carlos
_eAUT
245 0 _aDerecho constitucional
260 _c2019
300 _a127 páginas :
_c20 cm.
650 _aGEN
654 _aCDE
942 _cLIB
_dJUS
_fJUS
_2ddc
_n
999 _c19576
_d19576